| 000 | 00834cab a2200241 4500 | ||
|---|---|---|---|
| 001 | ABS59237 | ||
| 008 | 090401t1998 xxu||||| |||| 00| 0 eng d | ||
| 035 | _a(Sirsi) u88149 | ||
| 041 | _aeng | ||
| 100 | _aKnight, A. | ||
| 245 | _aPrevention is better than cure | ||
| 260 | _c1998 | ||
| 350 | _a0 | ||
| 490 |
_aSolicitors` Journal Supplement _vSummer 1998, 42-43(2) |
||
| 520 | _aDiscusses the importance of proper documentation for partnerships, with particular reference to farming partnerships. Considers the strengths of partnership agreements and the crucial issues to resolve in the agreement, if disputes are to be avoided. | ||
| 650 | _aDISPUTES | ||
| 650 | _aFARMING PARTNERSHIPS | ||
| 650 | _aPARTNERSHIP ACT 1890 | ||
| 650 | _aPARTNERSHIPS | ||
| 690 | _aRURAL PRACTICE | ||
| 942 | _n0 | ||
| 948 | _c26/08/1998 | ||
| 999 |
_c55687 _d55687 |
||